Monarchien in Asien (Aktuell) - Statistiken

Allgemein
  • Dieses Quiz wurde 30 mal gespielt
  • Das Durchschnittsergebnis liegt bei 11 aus 13
Antwortstatistiken
Regierungssystem, Staatsform Anfang Land % Korrekt
Parlamentarische Demokratie, Parlamentarische Erbmonarchie 2019 Japan
93%
Konstitutionelle Monarchie, Erbmonarchie 1999 Jordanien
93%
Absolute Monarchie, Erbmonarchie 2013 Katar
93%
Absolute Monarchie, Monarchie 2015 Saudi-Arabien
93%
Konstitutionelle Monarchie, Erbmonarchie 2006 Bhutan
89%
Militärregierung/ konstitutionelle Monarchie, Erbmonarchie 2016 Thailand
89%
Konstitutionelle Wahlmonarchie, Föderale Erbmonarchie 2022 Vereinigte Arabische Emirate
89%
Konstitutionelle Monarchie, Erbmonarchie 1999 Bahrain
85%
Absolute Monarchie, Erbmonarchie 1967 Brunei
85%
Absolute Monarchie, Erbmonarchie 2020 Oman
85%
Konstitutionelle Monarchie, Erbmonarchie 2023 Kuwait
81%
Parlamentarisch, Parlamentarische Wahlmonarchie 2004 Kambodscha
74%
Parlamentarisch Föderale parlamentarische Wahlmonarchie 2019 Malaysia
70%
Keine übereinstimmenden Quizze gefunden
Verteilung der Resultate
Anzahl Personen mit jedem Resultat
Perzentil nach korrekt beantworteten Fragen
Ihre Resultats-Entwicklung
Sie haben dieses Quiz noch nicht gespielt